| 000 | 00745nam a2200229 u 4500 | ||
|---|---|---|---|
| 005 | 20240920064127.0 | ||
| 008 | 150811s2012 es r 000 0 spa d | ||
| 020 | _a9788425427497 | ||
| 035 | _aUPN01000205041 | ||
| 049 | _aCG | ||
| 050 | 4 |
_aHQ770.4 _bJ8.2 |
|
| 100 | 1 |
_aJuul, Jesper, _d1948- _934994 |
|
| 245 | 1 | 0 |
_aDecir no, por amor : _bpadres que hablan claro : niños seguros de sí mismos / _cJesper Juul ; tr. de Antoni Martínez-Riu. |
| 260 |
_aBarcelona, Esp. : _bHerder, _cc2012. |
||
| 300 | _a86 p. | ||
| 534 |
_pTitulo original: _tKunsten at sige nej med god samvittighed |
||
| 650 | 4 |
_aDisciplina de niños _914102 |
|
| 650 | 4 |
_aEducación de niños _95387 |
|
| 650 | 2 |
_aPaternidad _96964 |
|
| 905 | _aLibro | ||
| 999 |
_c177142 _d177142 |
||